000 01533nam a2200373 c 4500
999 _c178428
_d178428
003 BLK
005 20250718120944.0
008 180411b bul|||||r ||||||| ||bul||
010 _aKNG00187150000
020 _a978-954-655-664-6
040 _aBLK
041 _aBUL
_cBUL
072 7 _2bullib
_aН83
_xЧужда художествена литература Н
080 _aАнглийска литература
_b821.111
_x-31
_z821.111-31
100 _aАрчър, Джефри
_9246108
139 _aАрчър, Джефри
_bА 91
245 1 0 _aХрониките на Клифтън : Т. 6
_bРоман : Т. 1 -
_cДжефри Арчър; прев. Венцислав Божидаров Божилов.
_nТ. 6
_pИде часът
257 _aGBR
260 _bБард
_c2011 -
_fСофия : Алианс принт
300 _c20 см
380 _aX
500 _aОриг. загл. The Clifton Chronicles / Jeffrey Archer. - Офс. изд.
653 _aромани
659 _aН
700 _aБожилов, Венцислав Божидаров
_cТеодосиев, Стефан, 1968- (псевдоним)
_d1968-
_9367877
760 1 _aАрчър, Джефри
_d2016
_h480 с.
_nОриг. загл. Cometh the Hour.
_tТ. 6 Иде часът
852 _aЦб 253957
856 4 _qpdf
856 4 _qpdf
942 _cKNG
_n0
_0154
944 _aCR
_c16.03.2016
_lМинев Младен
_k30530
944 _aED
_c12.06.2017
_lф /
_kПенка_Димитрова
999 _d178428